[Event "Berlin Lichtenberger op 15th"]
[Site "Berlin"]
[Date "2016.08.14"]
[Round "2"]
[White "Koerner, Helmut"]
[Black "Baumgaertner, Andre"]
[Result "1-0"]
[WhiteElo "1870"]
[BlackElo "1724"]
[PlyCount "105"]
[EventDate "2016.08.13"]
[EventType "swiss"]
[EventRounds "9"]
[EventCountry "GER"]
[SourceTitle "CBM 173 Extra"]
[Source "ChessBase"]
[SourceDate "2016.08.29"]
[SourceVersion "1"]
[SourceVersionDate "2016.08.29"]
[SourceQuality "1"]

1. b4 d5 2. Bb2 e6 3. Nf3 Nf6 4. a3 Be7 5. e3 0-0 6. c4 c6 7. Nc3 dxc4 8. Bxc4 b5 9. Be2 Bb7 10. d4 Nbd7 11. 0-0 Nd5 12. Ne4 a5 13. Nc5 Qc7 14. Qd2 Nxc5 15. bxc5 f5 16. Bd3 h6 17. g3 b4 18. Kg2 Ba6 19. Bxa6 Rxa6 20. axb4 Nxb4 21. Bc3 Rb8 22. Rfb1 Qc8 23. Bxb4 axb4 24. Rxa6 Qxa6 25. Rxb4 Rb5 26. Qb2 Qb7 27. Rxb5 Qxb5 28. Qa2 Kf7 29. Qa8 Bf6 30. Qc8 Ke7 31. Qc7+ Ke8 32. Qd6 Kf7 33. Qd7+ Be7 34. Ne5+ Kf6 35. Nxc6 Bf8 36. Qe8 Bxc5 37. dxc5 Qxc5 38. Nd4 Qd5+ 39. Nf3 g5 40. Qh8+ Kg6 41. Qg8+ Kf6 42. h3 Qe4 43. Qh8+ Kg6 44. Qd4 Qc6 45. e4 Qxe4 46. Qxe4 fxe4 47. Nd4 Kf6 48. Nc2 h5 49. Kf1 Ke5 50. Ke2 h4 51. gxh4 gxh4 52. Ke3 Kf5 53. Ne1 1-0

[Event "Berlin Lichtenberger op 14th"]
[Site "Berlin"]
[Date "2015.08.16"]
[Round "2"]
[White "Baumgaertner, Andre"]
[Black "Dittrich, Tom"]
[Result "1/2-1/2"]
[WhiteElo "1783"]
[BlackElo "1813"]
[PlyCount "72"]
[EventDate "2015.08.15"]
[EventType "swiss"]
[EventRounds "9"]
[EventCountry "GER"]
[SourceTitle "EXT 2016"]
[Source "ChessBase"]
[SourceDate "2015.10.08"]
[SourceVersion "1"]
[SourceVersionDate "2015.10.08"]
[SourceQuality "1"]

1. d4 Nf6 2. c4 g6 3. Nc3 Bg7 4. Nf3 0-0 5. e4 d6 6. Be2 Na6 7. 0-0 e5 8. d5 Nc5 9. Qc2 a5 10. Be3 b6 11. a3 a4 12. Nd2 Bd7 13. h3 Ne8 14. f4 f5 15. fxe5 Bxe5 16. Bf4 Qe7 17. Bd3 fxe4 18. Bh6 exd3 19. Bxf8 Qg5 20. Nde4 Qe3+ 21. Qf2 Qxf2+ 22. Rxf2 Bd4 23. Raf1 Bxf2+ 24. Rxf2 Nxe4 25. Nxe4 Bf5 26. Bh6 Ng7 27. Ng5 Re8 28. Rd2 Re2 29. Nf3 Rxd2 30. Nxd2 Kf7 31. g4 Bc8 32. Kf2 Ne8 33. Ke3 Kf6 34. Kxd3 Bd7 35. Ne4+ Ke5 36. Nd2 Kf6 1/2-1/2

[Event "Berlin Lichtenberger op 7th"]
[Site "Berlin"]
[Date "2008.08.18"]
[Round "3"]
[White "Baumgaertner, Andre"]
[Black "Schalck, Christiano"]
[Result "0-1"]
[WhiteElo "879"]
[BlackElo "1747"]
[PlyCount "92"]
[EventDate "2008.08.16"]
[EventType "swiss"]
[EventRounds "9"]
[EventCountry "GER"]
[SourceTitle "CBM 126 Extra"]
[Source "ChessBase"]
[SourceDate "2008.11.05"]
[SourceVersion "1"]
[SourceVersionDate "2008.11.05"]
[SourceQuality "1"]

1. d4 d5 2. c4 e6 3. Nc3 c6 4. a3 dxc4 5. e3 b5 6. Nf3 Nd7 7. Be2 Qc7 8. 0-0 Ngf6 9. h3 Bd6 10. e4 e5 11. d5 a6 12. b3 cxb3 13. Qxb3 Nc5 14. Qc2 0-0 15. Bg5 Nfd7 16. Nd2 h6 17. Be3 Bb7 18. Nb3 Nxb3 19. Qxb3 Bc5 20. Rac1 Bxe3 21. fxe3 Qb6 22. Rf3 c5 23. Qb2 Rac8 24. a4 b4 25. Nd1 Rfe8 26. Bc4 Qd6 27. Nf2 a5 28. Ng4 Nf6 29. Nf2 Ba6 30. Qe2 Bxc4 31. Qxc4 Qb6 32. Qb3 Qa6 33. Rc4 Nd7 34. Nd3 Qg6 35. Rf5 Qd6 36. Qc2 Rc7 37. Rf1 Rec8 38. Qf2 f6 39. Qf5 Nb6 40. Rc2 c4 41. Nb2 c3 42. Nd1 b3 43. Rxc3 Rxc3 44. Nxc3 Rxc3 45. Qe6+ Qxe6 46. dxe6 b2 0-1